000 01353nam a2200241Ii 4500
003 JO-AjNU
005 20240630105824.0
008 230605s9999||||xx |||||||||||||| ||und||
040 _aJO-AjNU
_bara
_erda
_cJO-AjNU
041 _aara
050 1 4 _aLC4704.2022
100 1 _aالكفريني، عدنان علي فواز
_eمعد
_965941
245 0 0 _aفعالية برنامج قائم على الانشطة اللامنهجية في الحد من الشره العصبي لدى الطلبة ذوي صعوبات التعلم في ضوء بعض المتغيرات الديموغرافية = The Effectiveness of a Program Based on Activities in Extracurricular Reducing Bulimia Nervousness Among Students With Learning Disabilites Through Some Demographic Variables /
_cاعداد عدنان علي فواز الكفريني؛ اشراف محمد عمر ابو الرب
264 3 1 _a 2022
300 _a81 ورقة
336 _atext
_btxt
_2rdacontent
337 _aunmediated
_bn
_2rdamedia
338 _avolume
_bnc
_2rdacarrier
500 _aرسالة جامعية(اطروحة ماجستير) تخصص التربية الخاصة/كلية العلوم التربوية، جامعة عجلون الوطنية، 2022
650 4 _aصعوبات تعلم
_962540
700 1 _aمحمد عمر ابو الرب
_964717
_eمشرف
942 _2lcc
_cTHS
999 _c31892
_d31892